| Tag |
First Indicator |
Second Indicator |
Subfields |
| LEADER |
00000cam a22000001 4500 |
| 001 |
in00000336457 |
| 005 |
20151011051807.0 |
| 008 |
740625c19671922nyu b 00000 eng |
| 010 |
|
|
|a 66027056
|
| 035 |
|
|
|a (OCoLC)00358968
|
| 035 |
|
|
|9 ABL0774AM
|
| 040 |
|
|
|a DLC
|c DLC
|d TXA
|d UtOrBLW
|
| 049 |
|
|
|a TXAM
|c [479858]
|
| 050 |
0 |
0 |
|a BD497
|b .C6 1967
|
| 082 |
0 |
|
|a 113
|
| 100 |
1 |
|
|a Conger, George Perrigo,
|d 1884-1960.
|
| 245 |
1 |
0 |
|a Theories of macrocosms and microcosms in the history of philosophy.
|
| 264 |
|
1 |
|a New York :
|b Russell & Russell,
|c [1967]
|
| 264 |
|
4 |
|c [©1922]
|
| 300 |
|
|
|a xviii, 146 pages ;
|c 23 cm.
|
| 336 |
|
|
|a text
|b txt
|2 rdacontent
|
| 337 |
|
|
|a unmediated
|b n
|2 rdamedia
|
| 338 |
|
|
|a volume
|b nc
|2 rdacarrier
|
| 504 |
|
|
|a Bibliographical footnotes.
|
| 650 |
|
0 |
|a Microcosm and macrocosm.
|
| 999 |
|
|
|a MARS
|
| 999 |
f |
f |
|s 388a6f3f-34fe-368a-855b-a04a35b9e84e
|i 794f4ed8-47e6-3bfd-a1b0-991d5ca1c885
|t 0
|
| 952 |
f |
f |
|p ric
|a Texas A&M University
|b Rellis Campus
|c Joint Library Facility
|d Remote Storage
|t 0
|e BD497 .C6 1967
|h Library of Congress classification
|i unmediated -- volume
|m A14801651306
|
| 998 |
f |
f |
|a BD497 .C6 1967
|t 0
|l Remote Storage
|